Biblioteca y Centro de Documentación

El criterio de adecuación aplicado al derecho a la vivienda de los inmigrantes = The suitability criteria implemented on the migrant's housing rights (Registro nro. 39909)

Detalles MARC
000 -CABECERA
Longitud fija campo de control 01197naa a2200301 c 4500
001 - NÚMERO DE CONTROL
Número de control 39909
003 - IDENTIFICADOR DE NÚMERO DE CONTROL
Identificador del número de control ES-MaCES
005 - FECHA Y HORA DE LA ÚLTIMA TRANSACCIÓN
Fecha y hora de la última transacción 20250324174820.0
008 - CAMPO FIJO DE DESCRIPCIÓN FIJA--INFORMACIÓN GENERAL
Códigos de información de longitud fija   100223n2009 sp t 000 | spa d
035 ## - NÚMERO DE CONTROL DEL SISTEMA
Número de control del sistema CES20100002473v
040 ## - FUENTE DE CATALOGACIÓN
Centro catalogador de origen ES-MaCES
Lengua de catalogación spa
Centro transcriptor ES-MaCES
100 1# - ENCABEZAMIENTO PRINCIPAL--NOMBRE PERSONAL
Nombre de persona Spina, Encarnación la
9 (RLIN) 24373
245 13 - MENCIÓN DE TÍTULO
Título El criterio de adecuación aplicado al derecho a la vivienda de los inmigrantes = The suitability criteria implemented on the migrant's housing rights
Resto del título : una geometría variable = a changeable geometry
Mención de responsabilidad, etc. Encarnación la Spina
610 17 - ASIENTO SECUNDARIO DE MATERIA--NOMBRE CORPORATIVO
Nombre de entidad corporativa o nombre de jurisdicción como elemento inicial España
Título de la obra Ley de extranjería, 2000
Fuente de encabezamiento o término
9 (RLIN) 3185
650 #4 - ASIENTO SECUNDARIO DE MATERIA--TÉRMINO DE MATERIA
Término de materia o nombre geográfico como elemento inicial España
9 (RLIN) 26964
650 #4 - ASIENTO SECUNDARIO DE MATERIA--TÉRMINO DE MATERIA
Término de materia o nombre geográfico como elemento inicial aspecto sociológico
9 (RLIN) 29077
650 #4 - ASIENTO SECUNDARIO DE MATERIA--TÉRMINO DE MATERIA
Término de materia o nombre geográfico como elemento inicial derechos económicos y sociales
9 (RLIN) 29875
650 #4 - ASIENTO SECUNDARIO DE MATERIA--TÉRMINO DE MATERIA
Término de materia o nombre geográfico como elemento inicial capacidad de acogida
9 (RLIN) 30230
650 #4 - ASIENTO SECUNDARIO DE MATERIA--TÉRMINO DE MATERIA
Término de materia o nombre geográfico como elemento inicial necesidades de vivienda
9 (RLIN) 28600
650 #4 - ASIENTO SECUNDARIO DE MATERIA--TÉRMINO DE MATERIA
Término de materia o nombre geográfico como elemento inicial política de vivienda
9 (RLIN) 29419
650 #4 - ASIENTO SECUNDARIO DE MATERIA--TÉRMINO DE MATERIA
Término de materia o nombre geográfico como elemento inicial política migratoria
9 (RLIN) 29183
650 #4 - ASIENTO SECUNDARIO DE MATERIA--TÉRMINO DE MATERIA
Término de materia o nombre geográfico como elemento inicial migración
9 (RLIN) 28635
653 10 - TÉRMINO DE INDEXACIÓN--NO CONTROLADO
Término no controlado Jurisprudencia
773 0# - ENTRADA DE DOCUMENTO FUENTE
Título Migraciones
Parte(s) relacionada(s) n. 26 (dic. 2009){55/963 R. 075969}; p. 41-83
Número de control del registro relacionado (ES-MaCES)25925
Itemnumber del ítem fuente 77839
902 ## - CES. TIPO DE DOCUMENTO
Tipodoc (006$c Sirtex) ART Artículo de revista
942 ## - ELEMENTOS KOHA
Fuente de clasificaión o esquema Clasificación propia del CES
Koha [por defecto] tipo de item Artículos (1982-2017)
Parte de clasificación 6.2.

No hay ítems disponibles.

© CES, Consejo Económico y Social de España 2021